|
|
|
|
| LEADER |
01014nam a2200253 a 4500 |
| 001 |
0010558 |
| 008 |
110720r20021997ii a 001 0 eng d |
| 020 |
|
|
|a 0074634542
|
| 040 |
|
|
|a VU
|b eng
|c VU
|c BD-DhAAL
|
| 082 |
0 |
4 |
|a 005.133
|2 22
|
| 100 |
1 |
|
|a Venugopal, K. R.,
|d 1937-
|
| 245 |
1 |
0 |
|a Mastering C++ /
|c K.R. Venugopal, Rajkumar Buyya, T.Ravishankar
|
| 250 |
|
|
|a 1st ed.
|
| 260 |
|
|
|a New Delhi :
|b Tata McGraw-Hill Publishing Company,
|c 1997 [Reprinted 2002]
|
| 300 |
|
|
|a xx, 804 p.
|b ill. ;
|c 25 cm.
|
| 504 |
|
|
|a Includes bibliographical references and index.
|
| 541 |
1 |
|
|e 00010558
|
| 650 |
|
0 |
|a C plus plus (Computer program language)
|
| 650 |
|
0 |
|a C plus plus (Computer program language)
|x Problems,
|
| 700 |
1 |
|
|a Buyya, Rajkumar,
|d 1970-
|
| 700 |
1 |
|
|a Ravishankar, T.
|
| 852 |
4 |
|
|a Ayesha Abed Library
|c General shelf
|
| 999 |
|
|
|c 11120
|d 11120
|
| 952 |
|
|
|0 0
|1 0
|4 0
|6 005_133000000000000_VEN
|7 0
|9 17557
|a BRACUL
|b BRACUL
|c GEN
|d 2011-07-21
|l 5
|m 11
|o 005.133 VEN
|p 3010010558
|r 2022-10-24
|s 2022-10-17
|t 1
|w 2011-07-21
|y BK
|x Available
|